<?xml version="1.0" encoding="UTF-8"?>
<collection xmlns="http://www.loc.gov/MARC21/slim">
    <record>
        <controlfield tag="001">70874</controlfield>
        <controlfield tag="005">20180611142035.0</controlfield>
        <datafield tag="037" ind1=" " ind2=" ">
            <subfield code="a">TAZ-TFG-2018-421</subfield>
        </datafield>
        <datafield tag="041" ind1=" " ind2=" ">
            <subfield code="a">spa</subfield>
        </datafield>
        <datafield tag="100" ind1="1" ind2=" ">
            <subfield code="a">Abardía Tosat, Loreto</subfield>
        </datafield>
        <datafield tag="242" ind1="0" ind2="0">
            <subfield code="a">Burnout syndrome in the nursing staff who works in the intensive care units: Bibliographic Review.</subfield>
        </datafield>
        <datafield tag="245" ind1="0" ind2="0">
            <subfield code="a">El síndrome de Burnout en los profesionales de enfermería que trabajan en las unidades de cuidados intensivos: Revisión Bibliográfica.</subfield>
        </datafield>
        <datafield tag="260" ind1=" " ind2=" ">
            <subfield code="a">Zaragoza</subfield>
            <subfield code="b">Universidad de Zaragoza</subfield>
            <subfield code="c">2018</subfield>
        </datafield>
        <datafield tag="500" ind1=" " ind2=" ">
            <subfield code="a">Aporta en secretaría material físico. Resumen disponible también en inglés.</subfield>
        </datafield>
        <datafield tag="506" ind1=" " ind2=" ">
            <subfield code="a">by-nc-sa</subfield>
            <subfield code="b">Creative Commons</subfield>
            <subfield code="c">3.0</subfield>
            <subfield code="u">http://creativecommons.org/licenses/by-nc-sa/3.0/</subfield>
        </datafield>
        <datafield tag="520" ind1=" " ind2=" ">
            <subfield code="a">1. RESUMEN a. Introducción: El síndrome de Burnout fue descrito por primera vez en 1974 por Freudenberger. La definición más aceptada es la propuesta por Maslach C. y Jackson S.E. que señala tres dimensiones principales: agotamiento emocional, despersonalización y falta de realización personal. Por otro lado, Maslach C. y Jackson S.E construyeron un instrumento de medida, denominado Maslach Burnout Inventory (MBI). La enfermería es particularmente vulnerable a padecer dicho síndrome, ya que la profesión implican un contacto directo y continúo con personas, involucrándose el profesional a nivel emocional. El número de estudios sobre el tema, ha aumentado considerablemente en los últimos años. b. Objetivos: El objetivo de este trabajo es analizar los estudios de investigación sobre el síndrome de Burnout en el personal enfermero que trabaja en las unidades de cuidados intensivos de adultos. c. Metodología: Se ha realizado una búsqueda a través de diferentes bases de datos científicas (CSIC, Cuidatge, CUIDEN Plus, ENFISPO, Ibecs, MEDLINE, PubMed, Dialnet, Scielo España) y la biblioteca Cocharne Plus. d. Desarrollo: Al analizar los resultados de los estudios, se observan resultados dispares en cuanto a la prevalencia en las diferentes unidades de cuidados intensivos (UCI), dependiendo del país y la ciudad. Las características del entorno resultan muy influyentes. Además las variables socio-demográficas y laborales resultan ser los principales factores de riesgo, sin olvidar las variables personales. Los turnos de 12 horas presentan un mayor riesgo. Las intervenciones que han presentado tasa de mayor éxito son el método mindfulness y la resiliencia, ya que aquellos profesionales que lo llevaron a cabo no padecieron el síndrome. e. Conclusiones: Trabajar para mejorar las condiciones laborales es fundamental, diferentes estudios demuestran que modificándolo se obtienen grandes resultados, disminuye la prevalencia y en consecuencia mejora la calidad de los cuidados prestados. f. Palabras clave (descritas en los DeCS): Burnout, enfermería, unidad de cuidados intensivos.</subfield>
        </datafield>
        <datafield tag="521" ind1=" " ind2=" ">
            <subfield code="a">Graduado en Enfermería</subfield>
        </datafield>
        <datafield tag="540" ind1=" " ind2=" ">
            <subfield code="a">Derechos regulados por licencia Creative Commons</subfield>
        </datafield>
        <datafield tag="700" ind1=" " ind2=" ">
            <subfield code="a">Sanclemente Vinué, Isabel</subfield>
            <subfield code="e">dir.</subfield>
        </datafield>
        <datafield tag="710" ind1="2" ind2=" ">
            <subfield code="a">Universidad de Zaragoza</subfield>
            <subfield code="b"> </subfield>
            <subfield code="c"></subfield>
        </datafield>
        <datafield tag="856" ind1="0" ind2=" ">
            <subfield code="f">697724@celes.unizar.es</subfield>
        </datafield>
        <datafield tag="856" ind1="4" ind2=" ">
            <subfield code="s">490220</subfield>
            <subfield code="u">http://zaguan.unizar.es/record/70874/files/TAZ-TFG-2018-421.pdf</subfield>
            <subfield code="y">Memoria (spa)</subfield>
        </datafield>
        <datafield tag="909" ind1="C" ind2="O">
            <subfield code="o">oai:zaguan.unizar.es:70874</subfield>
            <subfield code="p">driver</subfield>
            <subfield code="p">trabajos-fin-grado</subfield>
        </datafield>
        <datafield tag="950" ind1=" " ind2=" ">
            <subfield code="a"></subfield>
        </datafield>
        <datafield tag="951" ind1=" " ind2=" ">
            <subfield code="a">deposita:2018-06-11</subfield>
        </datafield>
        <datafield tag="980" ind1=" " ind2=" ">
            <subfield code="a">TAZ</subfield>
            <subfield code="b">TFG</subfield>
            <subfield code="c">ENFHUES</subfield>
        </datafield>
        <datafield tag="999" ind1=" " ind2=" ">
            <subfield code="a">20180416121452.CREATION_DATE</subfield>
        </datafield>
    </record>

    
</collection>